000 00727nam a22002297a 4500
003 UA-OsUOA
001 75709
007 ta
008 20110530b un ||||| |||| 00| 0 ukr d
090 _a061.12:7(477)
_bУ45
942 _cBK
040 _aUA-OsUOA
_bukr
_cUA-OsUOA
_dUA-OsUOA
245 _aУкраїнська академія мистецтва
_bнауковий збірник. Дослідницькі та науково-методичні праці
_cнаук. ред. В. А. Щербак
300 _a456 с.
955 _a1
041 _aukr
080 _a061.12:7(477)
260 _aК.
_bНАОМА
_c2009
250 _nвип. 16
650 7 _a0 Загальний відділ.
_2UDC
999 _c362013
_d362013